| 000 | 00637nam a2200253Ia 4500 | ||
|---|---|---|---|
| 008 | 170712s9999 xx 000 0 und d | ||
| 020 | _a9789712721137 | ||
| 050 | _a328.59 | ||
| 050 | _bK141 2008 | ||
| 100 | _aKalaw, Eva Estrada | ||
| 245 | 2 | _aA political journey / | |
| 245 | _cby Eva Estrada Kalaw. | ||
| 260 | _aPhilippines : | ||
| 260 | _bAnvil, | ||
| 260 | _c2008 | ||
| 300 | _a292 pages : | ||
| 300 | _billustrations ; | ||
| 300 | _c25cm. | ||
| 650 | _aPhilippines -- | ||
| 650 | _aTitle. | ||
| 650 | _aWomen legislators -- | ||
| 650 | _xPhilippine -- Biography. | ||
| 650 | _xPolitics and government -- 1946- | ||
| 999 |
_c340341 _d340341 |
||